00358nam a2200109Ia 4500008004100000082000800041100002000049245006100069942000600130952009700136999001500233240331s9999 xx 000 0 und d bIDE aThiruchandran,S 4aThe Ideological factori :bn the subordination of women cL 001040708LaWERCLbWERCLcSSCd2024-03-31l0o 305.4 IDEp6371r2024-03-31w2024-03-31yL c4516d4516